Géographie de Paris par lettre -H - Statistiques

Statistiques générales
  • Ce quiz a été pris 24 fois
    5 depuis la dernière actualisation
  • Le résultat moyen est 8 sur 18
Statistiques - réponses
Question Réponse % Correct
Célèbre série qui se déroule dans un hôpital parisien (c'est gratuit :) H
100%
Baron qui a complètement transformé le visage de Paris sous Napoléon III Hausmann
100%
Meilleur lycée parisien Henri IV
100%
Section ultra-luxueuse du 8e arrondissement ,Faubourg Saint-... Honoré
100%
Siège de la municipalité parisienne, chef-d'œuvre néo-renaissance Hôtel de Ville
100%
Ancien lieu de vente de poissons et légumes au cœur du 1er Halles
75%
Nom de la prestigieuse école de commerce située à Jouy-en-Josas HEC
75%
Rue du 1er célèbre pour ses restaurants (Rue de la...) Harpe
50%
Grand hôpital du 4e arrondissement situé sur le parvis Notre-Dame Hôtel-Dieu
50%
Avenue ultra-chic du 16e qui portait autrefois le nom de l'Impératrice Henri-Martin
25%
Station de métro (Ligne 5) à la limite du 8e et du 17e Hoche
25%
Quai du 6e connue pour ses hôtels de luxe (Quai de l'...) Horloge
25%
Rue historique du 4e sur l'île de la Cité (Rue de la...) Halleboult
0%
Ancienne porte de Paris située dans le 14e arrondissement Harcourt
0%
Nom de la cour médiévale du Palais de Justice sur l'Île de la Cité Harlay
0%
Boulevard du 19e arrondissement faisant partie des Maréchaux Haxo
0%
Rue du 16e abritant le siège de Radio France Heine
0%
Square du 18e arrondissement situé au pied de Montmartre Hélène
0%
Aucun quiz correspondant
Distribution des résultats
% des personnes avec chaque résultat
Percentile par nombre de réponses
Votre historique - résultats
Vous n’avez pas pris ce quiz depuis la dernière actualisation